[Event "Southern Alberta op"]
[Site "Calgary CAN"]
[Date "2003.11.15"]
[Round "2"]
[White "Bentley, Bill"]
[Black "Gardner, Robert"]
[Result "0-1"]
[WhiteElo "1878"]
[BlackElo "2257"]
[PlyCount "58"]
[EventDate "2003.11.15"]
[EventType "swiss"]
[EventRounds "5"]
[EventCountry "CAN"]
[SourceDate "2003.08.17"]

1. d4 Nf6 2. Nf3 c5 3. d5 b5 4. Bg5 a6 5. Bxf6 exf6 6. e4 d6 7. g3 g6 8. Bg2
Bg7 9. O-O O-O 10. Nbd2 f5 11. c3 Qc7 12. a4 fxe4 13. Nxe4 Bb7 14. axb5 axb5
15. Rxa8 Bxa8 16. Qb3 Bb7 17. Rd1 Qd7 18. Ne1 Na6 19. Nc2 h6 20. Ne3 f5 21. Nd2
f4 22. Nc2 c4 23. Qa2 fxg3 24. hxg3 Qf5 25. Ne4 Nc5 26. Ne3 Qf7 27. f4 Nxe4 28.
Bxe4 Qe7 29. Qb1 Re8 0-1

[Event "Southern Alberta op"]
[Site "Calgary CAN"]
[Date "2003.11.15"]
[Round "3"]
[White "Gardner, Robert"]
[Black "Haessel, Dale"]
[Result "0-1"]
[WhiteElo "2257"]
[BlackElo "2206"]
[PlyCount "72"]
[EventDate "2003.11.15"]
[EventType "swiss"]
[EventRounds "5"]
[EventCountry "CAN"]
[SourceDate "2003.08.17"]

1. g3 c5 2. Bg2 Nc6 3. e4 e5 4. Ne2 g6 5. O-O Nge7 6. d3 Bg7 7. Be3 d6 8. c3
O-O 9. d4 exd4 10. cxd4 Qb6 11. dxc5 dxc5 12. Nbc3 Rd8 13. Qc1 Nd4 14. Nf4 Bd7
15. Kh1 Rac8 16. Ncd5 Nxd5 17. Nxd5 Qe6 18. f4 Bc6 19. Qd2 f5 20. Nc3 Nb3 21.
Qf2 Nxa1 22. Rxa1 fxe4 23. Bxc5 b6 24. Be3 Rd3 25. Bf1 Bd4 26. Re1 Rxe3 27.
Rxe3 Rd8 28. h4 Bxe3 29. Qxe3 Rd3 30. Qe1 e3+ 31. Kg1 Rd2 32. b3 b5 33. a4 a6
34. axb5 axb5 35. h5 gxh5 36. f5 Qe5 0-1

[Event "Southern Alberta op"]
[Site "Calgary CAN"]
[Date "2003.11.16"]
[Round "4"]
[White "Boehmer, Kris"]
[Black "Gardner, Robert"]
[Result "1/2-1/2"]
[WhiteElo "2072"]
[BlackElo "2257"]
[PlyCount "65"]
[EventDate "2003.11.15"]
[EventType "swiss"]
[EventRounds "5"]
[EventCountry "CAN"]
[SourceDate "2003.08.17"]

1. d4 f5 2. Qd3 d5 3. g4 e6 4. Nc3 Nf6 5. Bg5 Be7 6. Bxf6 Bxf6 7. gxf5 exf5 8.
O-O-O O-O 9. f4 c6 10. Nf3 b5 11. h4 Qa5 12. Bh3 Bd8 13. Rdg1 b4 14. Nd1 Qxa2
15. Ne5 a5 16. h5 Ra7 17. h6 g6 18. Qg3 Rf6 19. Rh2 a4 20. Rhg2 a3 21. b3 Qa1+
22. Kd2 Qxd4+ 23. Ke1 a2 24. Qh4 Qxd1+ 25. Kf2 a1=Q 26. Rxg6+ hxg6 27. Rxg6+
Rxg6 28. h7+ Rxh7 29. Qxd8+ Kg7 30. Qe7+ Kh6 31. Qh4+ Kg7 32. Qe7+ Kh6 33. Qh4+
1/2-1/2

[Event "Southern Alberta op"]
[Site "Calgary CAN"]
[Date "2003.11.16"]
[Round "5"]
[White "Gardner, Robert"]
[Black "Miller, Brian"]
[Result "1-0"]
[WhiteElo "2257"]
[BlackElo "1791"]
[PlyCount "49"]
[EventDate "2003.11.15"]
[EventType "swiss"]
[EventRounds "5"]
[EventCountry "CAN"]
[SourceDate "2003.08.17"]

1. d4 d5 2. c4 e6 3. Nc3 Nf6 4. e3 Nbd7 5. Nf3 b6 6. cxd5 exd5 7. Bb5 Bb7 8.
Ne5 a6 9. Bc6 Bxc6 10. Nxc6 Qc8 11. Qb3 Qb7 12. Ne5 c6 13. f4 Bd6 14. O-O O-O
15. Bd2 Rfd8 16. Rf3 c5 17. Raf1 c4 18. Qc2 b5 19. Qf5 b4 20. Ne2 g6 21. Qh3
Nf8 22. f5 g5 23. Qh6 Ne4 24. f6 Ne6 25. Rh3 1-0

[Event "Spring op"]
[Site "Edmonton CAN"]
[Date "2003.03.06"]
[Round "1"]
[White "Hughey, Micah"]
[Black "Schech, Roland"]
[Result "1-0"]
[WhiteElo "2049"]
[BlackElo "1563"]
[PlyCount "53"]
[EventDate "2003.03.06"]
[EventType "swiss"]
[EventRounds "4"]
[EventCountry "CAN"]

1. e4 e5 2. Nf3 Nc6 3. Bc4 h6 4. d4 exd4 5. c3 Qe7 6. O-O Ne5 7. Nxe5 Qxe5 8.
cxd4 Qe7 9. Nc3 c6 10. Re1 d6 11. Bf4 g5 12. Bg3 h5 13. Qb3 Nh6 14. d5 h4 15.
e5 hxg3 16. exd6 gxf2+ 17. Kxf2 Ng4+ 18. Kg1 Qxe1+ 19. Rxe1+ Kd7 20. dxc6+ bxc6
21. Be6+ Kd8 22. Bxc8 Rxc8 23. Qxf7 Bxd6 24. Rd1 Rh6 25. Ne4 Rc7 26. Qf8+ Kd7
27. Nc5# 1-0

[Event "Spring op"]
[Site "Edmonton CAN"]
[Date "2003.03.13"]
[Round "2"]
[White "Wihnon, Jason"]
[Black "Hughey, Micah"]
[Result "0-1"]
[WhiteElo "1839"]
[BlackElo "2049"]
[PlyCount "58"]
[EventDate "2003.03.06"]
[EventType "swiss"]
[EventRounds "4"]
[EventCountry "CAN"]

1. e4 c6 2. d3 d5 3. Nd2 e5 4. g3 Nf6 5. Bg2 Bc5 6. Ngf3 dxe4 7. dxe4 Bxf2+ 8.
Kxf2 Ng4+ 9. Ke2 Qb6 10. Qg1 Qa6+ 11. c4 Be6 12. b3 b5 13. Qc5 Nd7 14. cxb5
cxb5 15. Qg1 O-O 16. h3 Ngf6 17. Qe3 Nh5 18. Kf2 Rac8 19. Bb2 Rc2 20. Bxe5 Nxe5
21. Nxe5 Qd6 22. Nef3 Qxg3+ 23. Kg1 Rd8 24. Rd1 Rdxd2 25. Qxd2 Rxd2 26. Rxd2 h6
27. Rd8+ Kh7 28. Ra8 Nf4 29. Rxa7 Qxg2# 0-1

[Event "Spring op"]
[Site "Edmonton CAN"]
[Date "2003.03.20"]
[Round "3"]
[White "Dean, Tim"]
[Black "Hughey, Micah"]
[Result "0-1"]
[WhiteElo "1733"]
[BlackElo "2049"]
[PlyCount "62"]
[EventDate "2003.03.06"]
[EventType "swiss"]
[EventRounds "4"]
[EventCountry "CAN"]

1. e4 e5 2. Nf3 Nc6 3. Bc4 Bc5 4. c3 Bb6 5. d4 Qe7 6. O-O d6 7. Re1 Bg4 8. d5
Nb8 9. Nbd2 Nd7 10. a4 a5 11. Nf1 Ngf6 12. Ng3 Nh5 13. h3 Nxg3 14. hxg4 h5 15.
g5 h4 16. Be3 Nh5 17. Qd2 Bxe3 18. fxe3 Ng3 19. Bd3 Nc5 20. b4 Nb3 21. Qb2 Nxa1
22. Rxa1 b6 23. Bb5+ Kf8 24. Bc6 Rd8 25. bxa5 bxa5 26. Qb5 Nxe4 27. Qxa5 Nxg5
28. Nxg5 Qxg5 29. Qxc7 h3 30. Ra2 Qxe3+ 31. Rf2 h2+ 0-1

[Event "Spring op"]
[Site "Edmonton CAN"]
[Date "2003.02.27"]
[Round "4"]
[White "Hughey, Micah"]
[Black "Quiring, John"]
[Result "1/2-1/2"]
[WhiteElo "2070"]
[BlackElo "1997"]
[PlyCount "39"]
[EventDate "2003.03.06"]
[EventType "swiss"]
[EventRounds "4"]
[EventCountry "CAN"]

1. e4 e6 2. d4 d5 3. Nc3 Nf6 4. exd5 Nxd5 5. Ne4 Nc6 6. Nf3 Be7 7. c3 O-O 8.
Bd3 Re8 9. O-O h6 10. Re1 a6 11. Qe2 b6 12. a3 Bb7 13. Bd2 Bd6 14. Nxd6 cxd6
15. c4 Nf6 16. Bc3 Rc8 17. b4 Qd7 18. Rad1 Ne7 19. Bb2 Ng6 20. Bxg6 1/2-1/2

[Event "Spring op"]
[Site "Edmonton CAN"]
[Date "2003.03.27"]
[Round "4"]
[White "McIntosh, Danny"]
[Black "Regimbald, Adrien"]
[Result "1-0"]
[WhiteElo "1743"]
[BlackElo "1766"]
[PlyCount "69"]
[EventDate "2003.03.06"]
[EventType "swiss"]
[EventRounds "4"]
[EventCountry "CAN"]

1. b3 e5 2. Bb2 d6 3. e3 Nf6 4. Ne2 Be7 5. d3 O-O 6. Nd2 a5 7. g3 Bd7 8. Bg2 c6
9. O-O Qc8 10. f4 Ng4 11. Rf3 exf4 12. gxf4 Bh4 13. Ng3 Nf6 14. f5 Na6 15. Nde4
Ne8 16. Rf4 Bxg3 17. Nxg3 f6 18. Qh5 Nb4 19. Ba3 Nxc2 20. Rh4 h6 21. Bb2 Nxa1
22. Bxa1 d5 23. Qg6 Nd6 24. e4 dxe4 25. dxe4 Qe8 26. Qg4 Kh8 27. Nh5 g5 28.
Nxf6 Rxf6 29. Rxh6+ Kg8 30. Qxg5+ Rg6 31. Rxg6+ Kf8 32. Bg7+ Kf7 33. Qf6+ Kg8
34. Bh6+ Kh7 35. Qg7# 1-0

[Event "St-Jean CC-ch 2003-04"]
[Site "St-Jean-sur-Richelieu CAN"]
[Date "2003.11.26"]
[Round "1"]
[White "Bellerose, Robert"]
[Black "McAlpin, John-Francis"]
[Result "0-1"]
[WhiteElo "1683"]
[BlackElo "1855"]
[PlyCount "88"]
[EventDate "2003.11.26"]
[EventType "swiss"]
[EventRounds "6"]
[EventCountry "CAN"]

1. c4 Nf6 2. Nc3 e6 3. g3 d5 4. cxd5 exd5 5. d4 Bf5 6. Bg2 c6 7. Bf4 Nbd7 8.
Nf3 Bb4 9. a3 Bxc3+ 10. bxc3 O-O 11. O-O Re8 12. Re1 Ne4 13. Qb3 Qb6 14. Qxb6
axb6 15. Rec1 b5 16. Kf1 Nb6 17. Ne5 f6 18. Bxe4 Bxe4 19. Nd3 Nc4 20. f3 Bg6
21. Kf2 Nxa3 22. Ra2 Nc4 23. Rca1 Rxa2 24. Rxa2 Bxd3 25. exd3 Nb6 26. Bd6 Rd8
27. Bc7 Ra8 28. Rxa8+ Nxa8 29. Ba5 b6 30. Bb4 Nc7 31. Ke3 Kf7 32. h4 g6 33. g4
Ke6 34. f4 f5 35. g5 Kd7 36. Ba3 Ne6 37. Kf3 c5 38. dxc5 bxc5 39. Ke3 d4+ 40.
cxd4 cxd4+ 41. Kf3 Kc6 42. Bb4 Nc7 43. Kg3 Na6 44. Ba3 Nc5 0-1

[Event "St-Jean CC-ch 2003-04"]
[Site "St-Jean-sur-Richelieu CAN"]
[Date "2003.11.26"]
[Round "1"]
[White "Boileau, Samuel"]
[Black "Audet, Michel"]
[Result "1-0"]
[WhiteElo "1868"]
[BlackElo "1699"]
[PlyCount "77"]
[EventDate "2003.11.26"]
[EventType "swiss"]
[EventRounds "6"]
[EventCountry "CAN"]

1. d4 c5 2. e3 e6 3. c4 Be7 4. Nc3 a6 5. Bd3 f5 6. d5 Nf6 7. Qc2 O-O 8. Nge2
Bd6 9. e4 fxe4 10. Nxe4 Nxe4 11. Bxe4 Qf6 12. Nc3 g6 13. Be3 e5 14. Na4 Bc7 15.
Bxc5 d6 16. Be3 Ba5+ 17. Nc3 Nd7 18. O-O Bxc3 19. bxc3 Qh4 20. g3 Qh5 21. f4
Nf6 22. Bf3 Qh6 23. Rae1 Bf5 24. Qb2 e4 25. Bh1 b5 26. Bd4 Rae8 27. Bxf6 Rxf6
28. cxb5 axb5 29. Qxb5 Rff8 30. Rf2 Qg7 31. Qb4 Qc7 32. Bxe4 Bxe4 33. Rxe4 Rb8
34. Qd4 Rb1+ 35. Kg2 Rc1 36. Re3 Qb7 37. Rfe2 Qb1 38. Re7 Rg1+ 39. Qxg1 1-0

[Event "St-Jean CC-ch 2003-04"]
[Site "St-Jean-sur-Richelieu CAN"]
[Date "2003.11.26"]
[Round "1"]
[White "Denicourt, Bruno"]
[Black "Mongeau, Melissa"]
[Result "1-0"]
[WhiteElo "1594"]
[BlackElo "1391"]
[PlyCount "47"]
[EventDate "2003.11.26"]
[EventType "swiss"]
[EventRounds "6"]
[EventCountry "CAN"]

1. e4 c5 2. Nc3 g6 3. g3 Bg7 4. Bg2 Nc6 5. d3 Nf6 6. f4 d6 7. Nf3 e6 8. O-O b6
9. Ne2 Bb7 10. c3 d5 11. e5 Ng4 12. d4 Ne7 13. h3 Nh6 14. g4 f5 15. exf6 Bxf6
16. g5 Bxg5 17. fxg5 Nhf5 18. Bf4 O-O 19. Qe1 Ng7 20. Be5 Nh5 21. Ng3 Nxg3 22.
Bxg3 Ba6 23. Qxe6+ Rf7 24. Ne5 1-0

[Event "St-Jean CC-ch 2003-04"]
[Site "St-Jean-sur-Richelieu CAN"]
[Date "2003.11.26"]
[Round "1"]
[White "Mongeau, Diane"]
[Black "Maxant, Joseph"]
[Result "1-0"]
[WhiteElo "1937"]
[BlackElo "1786"]
[PlyCount "79"]
[EventDate "2003.11.26"]
[EventType "swiss"]
[EventRounds "6"]
[EventCountry "CAN"]

1. d4 e6 2. Nd2 d5 3. e3 c5 4. c3 Nf6 5. Bd3 Nc6 6. f4 Qb6 7. Qe2 Bd7 8. Ngf3
O-O-O 9. Ne5 Be8 10. a4 Nd7 11. Nxc6 Qxc6 12. Bb5 Qc7 13. dxc5 Nxc5 14. O-O f5
15. Nf3 Nb3 16. Ra2 Bh5 17. Qc2 Nxc1 18. Qxc1 Bxf3 19. Rxf3 e5 20. Rf1 exf4 21.
exf4 Bc5+ 22. Kh1 a6 23. Bd3 g6 24. b4 Ba7 25. c4 dxc4 26. Rc2 Kb8 27. Bxc4 Qd6
28. b5 a5 29. Be2 Rhe8 30. Bf3 Be3 31. Qb2 Qxf4 32. Qg7 Re4 33. Qxh7 Rde8 34.
g3 Qe5 35. Qxg6 Rxa4 36. Bxb7 Ra1 37. Bg2 Rxf1+ 38. Bxf1 Qd5+ 39. Rg2 Qxb5 40.
Bxb5 1-0

[Event "St-Jean CC-ch 2003-04"]
[Site "St-Jean-sur-Richelieu CAN"]
[Date "2003.11.26"]
[Round "1"]
[White "Morin, Gaetan"]
[Black "Barre, Michel"]
[Result "0-1"]
[WhiteElo "1697"]
[BlackElo "1927"]
[PlyCount "50"]
[EventDate "2003.11.26"]
[EventType "swiss"]
[EventRounds "6"]
[EventCountry "CAN"]

1. e4 c6 2. d4 d5 3. Nc3 dxe4 4. Nxe4 Nf6 5. Nxf6+ exf6 6. Nf3 Bd6 7. g3 O-O 8.
Bg2 Re8+ 9. Be3 Qb6 10. Qc1 Qa6 11. a3 Be6 12. b3 Nd7 13. c4 c5 14. d5 Bg4 15.
O-O b5 16. cxb5 Qxb5 17. Qc4 Qxc4 18. bxc4 Rab8 19. Rfb1 Bf5 20. Rb5 Rb6 21.
Bf1 Reb8 22. Nd2 a6 23. Ra5 Be5 24. Re1 Bc3 25. Ra4 Bc2 0-1

[Event "St-Jean CC-ch 2003-04"]
[Site "St-Jean-sur-Richelieu CAN"]
[Date "2003.11.26"]
[Round "1"]
[White "Paradis, Martin"]
[Black "Dubois, Real"]
[Result "0-1"]
[WhiteElo "1294"]
[BlackElo "1165"]
[PlyCount "112"]
[EventDate "2003.11.26"]
[EventType "swiss"]
[EventRounds "6"]
[EventCountry "CAN"]

1. e4 e5 2. Nf3 d6 3. d4 exd4 4. Nxd4 Be7 5. Bc4 Nf6 6. Nc3 O-O 7. O-O c6 8.
Bd3 Qb6 9. Be2 Re8 10. Kh1 g6 11. Rb1 Bf8 12. f3 Bg7 13. Be3 Qc7 14. Qd2 b5 15.
b4 Be6 16. h3 Na6 17. a3 Qc8 18. Nxe6 Qxe6 19. Bf2 Nd7 20. Nxb5 cxb5 21. Bxb5
Nab8 22. c3 a6 23. Ba4 Rc8 24. Rfc1 Ne5 25. Qd5 Qxd5 26. exd5 Nd3 27. Bg3 Nxc1
28. Rxc1 Rxc3 29. Rxc3 Bxc3 30. Bxd6 a5 31. b5 Nd7 32. f4 Nf6 33. Bb3 Ne4 34.
Be5 Bxe5 35. fxe5 Re8 36. e6 fxe6 37. dxe6 Re7 38. b6 Nc5 39. Bd5 Kf8 40. g4
Ke8 41. Kh2 Kd8 42. Kg3 Nxe6 43. b7 Kc7 44. Kh4 h6 45. Be4 Nf8 46. Bg2 Re3 47.
a4 Re6 48. Kg3 Rb6 49. Kf4 Rb4+ 50. Ke5 Rxa4 51. Kf6 Rf4+ 52. Kg7 h5 53. gxh5
gxh5 54. Kh6 a4 55. Kxh5 a3 56. Kg5 Rf2 0-1

[Event "St-Jean CC-ch 2003-04"]
[Site "St-Jean-sur-Richelieu CAN"]
[Date "2003.11.26"]
[Round "1"]
[White "Robichaud, Jocelyn"]
[Black "Philipps, Sacha"]
[Result "1/2-1/2"]
[WhiteElo "1430"]
[BlackElo "1362"]
[PlyCount "53"]
[EventDate "2003.11.26"]
[EventType "swiss"]
[EventRounds "6"]
[EventCountry "CAN"]

1. e4 c5 2. Nf3 Nc6 3. d4 cxd4 4. Nxd4 e5 5. Nf3 Bc5 6. Nc3 Nge7 7. Bc4 O-O 8.
a3 a6 9. O-O d6 10. h3 h6 11. Qe2 Qc7 12. Nd5 Nxd5 13. Bxd5 Be6 14. Bxe6 fxe6
15. Be3 Bxe3 16. Qxe3 b5 17. b4 Rac8 18. Qb3 Rfe8 19. c4 bxc4 20. Qxc4 Qb6 21.
Qd3 Nd4 22. Nxd4 exd4 23. Rac1 e5 24. Rxc8 Rxc8 25. Qb3+ Kh8 26. Qf7 Rc3 27.
Qf8+ 1/2-1/2

[Event "St-Jean CC-ch 2003-04"]
[Site "St-Jean-sur-Richelieu CAN"]
[Date "2004.01.03"]
[Round "2"]
[White "Audet, Michel"]
[Black "Denicourt, Bruno"]
[Result "1/2-1/2"]
[WhiteElo "1699"]
[BlackElo "1594"]
[PlyCount "65"]
[EventDate "2003.11.26"]
[EventType "swiss"]
[EventRounds "6"]
[EventCountry "CAN"]

1. f4 Nf6 2. d3 d5 3. e3 c5 4. Nf3 Nc6 5. Bd2 e6 6. c3 Be7 7. Qc2 O-O 8. Be2 b5
9. O-O Bb7 10. a4 b4 11. h3 Na5 12. b3 Qb6 13. cxb4 cxb4 14. Qd1 Nd7 15. d4 Ba6
16. Bxa6 Qxa6 17. Be1 Rac8 18. Ra2 Rc7 19. Rc2 Rxc2 20. Qxc2 Rc8 21. Qd1 Qc6
22. Qd3 f6 23. Bd2 Qb6 24. Rc1 Rxc1+ 25. Bxc1 Qc6 26. Bd2 Nb7 27. Be1 a5 28.
Kf2 Nd6 29. Kf1 Ne4 30. Nfd2 Nd6 31. Nf3 Ne4 32. Nfd2 Nd6 33. Nf3 1/2-1/2

[Event "St-Jean CC-ch 2003-04"]
[Site "St-Jean-sur-Richelieu CAN"]
[Date "2004.01.03"]
[Round "2"]
[White "Barre, Michel"]
[Black "Boileau, Samuel"]
[Result "1-0"]
[WhiteElo "1927"]
[BlackElo "1868"]
[PlyCount "43"]
[EventDate "2003.11.26"]
[EventType "swiss"]
[EventRounds "6"]
[EventCountry "CAN"]

1. d4 Nf6 2. Nf3 e6 3. e3 c5 4. Bd3 Nc6 5. b3 d5 6. Bb2 Qc7 7. O-O a6 8. Nbd2
Bd6 9. dxc5 Bxc5 10. c4 dxc4 11. Nxc4 Bd7 12. Rc1 Rd8 13. Qe2 Be7 14. Bb1 O-O
15. a3 b5 16. Nce5 Qb7 17. Nxd7 Rxd7 18. Qc2 Rc8 19. Bxf6 Bxf6 20. Qxh7+ Kf8
21. Be4 Qb6 22. Qh8+ 1-0

[Event "St-Jean CC-ch 2003-04"]
[Site "St-Jean-sur-Richelieu CAN"]
[Date "2004.01.03"]
[Round "2"]
[White "Boucher, Bruno"]
[Black "Kowalyszyn, Miguel"]
[Result "0-1"]
[WhiteElo "1479"]
[BlackElo "1635"]
[PlyCount "88"]
[EventDate "2003.11.26"]
[EventType "swiss"]
[EventRounds "6"]
[EventCountry "CAN"]

1. d4 Nf6 2. c4 e6 3. Nc3 Bb4 4. Nf3 Ne4 5. Qc2 d5 6. e3 O-O 7. Bd3 f5 8. O-O
c5 9. a3 Bxc3 10. bxc3 Nd7 11. cxd5 exd5 12. c4 Ndf6 13. cxd5 Kh8 14. dxc5 Qxd5
15. Bxe4 fxe4 16. Nd4 Qg5 17. f3 exf3 18. Rxf3 Bg4 19. Rf4 Nd5 20. Rxf8+ Rxf8
21. e4 Qf6 22. Bb2 Ne3 23. Nf5 Nxc2 24. Bxf6 Nxa1 25. Bxa1 Bxf5 26. exf5 Rxf5
27. Bc3 Rxc5 28. Bb4 Rf5 29. g3 Kg8 30. Kg2 Kf7 31. g4 Rf4 32. Kg3 Rf1 33. Kg2
Rf6 34. Bc3 Rc6 35. Bb4 Ke6 36. Kf3 Kd5 37. h4 Rf6+ 38. Kg3 Ke4 39. g5 Rf1 40.
Kg2 Rd1 41. Bc3 g6 42. Bb4 Kf4 43. Kh3 Rd3+ 44. Kg2 Kg4 0-1

[Event "St-Jean CC-ch 2003-04"]
[Site "St-Jean-sur-Richelieu CAN"]
[Date "2004.01.03"]
[Round "2"]
[White "Maxant, Joseph"]
[Black "Robichaud, Jocelyn"]
[Result "1-0"]
[WhiteElo "1786"]
[BlackElo "1430"]
[PlyCount "41"]
[EventDate "2003.11.26"]
[EventType "swiss"]
[EventRounds "6"]
[EventCountry "CAN"]

1. Nf3 Nc6 2. d4 d5 3. g3 Nf6 4. Bg2 Bd7 5. O-O e6 6. Nc3 Be7 7. Re1 h6 8. Ne5
Nxe5 9. dxe5 Nh7 10. e4 c6 11. Qg4 Qc7 12. Qxg7 O-O-O 13. Qxf7 Bc5 14. Qh5 Rdf8
15. Rf1 Rxf2 16. Rxf2 Qb6 17. Qe2 Rf8 18. Nd1 Ng5 19. Be3 Rxf2 20. Bxf2 dxe4
21. h4 1-0

[Event "St-Jean CC-ch 2003-04"]
[Site "St-Jean-sur-Richelieu CAN"]
[Date "2004.01.03"]
[Round "2"]
[White "McAlpin, John-Francis"]
[Black "Mongeau, Diane"]
[Result "0-1"]
[WhiteElo "1855"]
[BlackElo "1937"]
[PlyCount "67"]
[EventDate "2003.11.26"]
[EventType "swiss"]
[EventRounds "6"]
[EventCountry "CAN"]

1. d4 d5 2. c4 e6 3. Nf3 c6 4. e3 Nf6 5. Nc3 Nbd7 6. Bd3 Bd6 7. O-O O-O 8. e4
dxe4 9. Bxe4 h6 10. Bc2 e5 11. d5 cxd5 12. cxd5 Re8 13. Nd2 Nb6 14. Nde4 Nxe4
15. Nxe4 f5 16. Nxd6 Qxd6 17. Bb3 Bd7 18. Be3 Bb5 19. Re1 Rad8 20. Qh5 Bd7 21.
Rac1 Nxd5 22. Bc5 Qe6 23. Red1 Bc6 24. Bxa7 Kh7 25. Rc5 Rd6 26. Ra5 Red8 27. h3
Nf4 28. Rxd6 Qxd6 29. Qxf5+ Kh8 30. Qxe5 Qg6 31. g4 Qb1+ 32. Kh2 Qh1+ 33. Kg3
Qxh3+ 34. Kxf4 0-1

[Event "St-Jean CC-ch 2003-04"]
[Site "St-Jean-sur-Richelieu CAN"]
[Date "2004.01.03"]
[Round "2"]
[White "Mongeau, Melissa"]
[Black "Deneault, Leo"]
[Result "1-0"]
[WhiteElo "1391"]
[BlackElo "1190"]
[PlyCount "79"]
[EventDate "2003.11.26"]
[EventType "swiss"]
[EventRounds "6"]
[EventCountry "CAN"]

1. e4 c6 2. d4 e6 3. Nc3 Be7 4. Bd3 Nf6 5. e5 Nd5 6. Nge2 d6 7. O-O dxe5 8.
dxe5 Nd7 9. Nxd5 cxd5 10. f4 a6 11. Kh1 Bc5 12. c4 d4 13. a3 a5 14. Qa4 O-O 15.
b4 Nb6 16. Qb5 axb4 17. Qxc5 b3 18. Rb1 Na4 19. Qxd4 Qxd4 20. Nxd4 Nc5 21. Be2
Rd8 22. Nxb3 Ne4 23. Bb2 Bd7 24. Bf3 Bc6 25. Bxe4 Bxe4 26. Rbe1 Bc2 27. Nd4 Bd3
28. Rf3 Bxc4 29. f5 Bd5 30. Rg3 exf5 31. Nxf5 g6 32. Ne7+ Kf8 33. Nxd5 Rxd5 34.
Rf3 Rad8 35. e6 f5 36. e7+ Kf7 37. exd8=Q Rxd8 38. Rb3 Rd7 39. Rb6 h5 40. Rf6+
1-0

[Event "St-Jean CC-ch 2003-04"]
[Site "St-Jean-sur-Richelieu CAN"]
[Date "2004.01.03"]
[Round "2"]
[White "Philipps, Sacha"]
[Black "Bellerose, Robert"]
[Result "0-1"]
[WhiteElo "1362"]
[BlackElo "1683"]
[PlyCount "46"]
[EventDate "2003.11.26"]
[EventType "swiss"]
[EventRounds "6"]
[EventCountry "CAN"]

1. e4 e5 2. f4 Bc5 3. Nf3 d6 4. Bc4 h6 5. Nc3 Nc6 6. Na4 Bb6 7. Nxb6 axb6 8.
fxe5 dxe5 9. O-O Nf6 10. d3 O-O 11. Qe1 Na5 12. Nxe5 Qd4+ 13. Kh1 Qxe5 14. Bf4
Qxb2 15. Rb1 Qxc2 16. Rf2 Qa4 17. Bxh6 Ng4 18. Rxf7 Rxf7 19. Qh4 Nxc4 20. Qd8+
Kh7 21. Bxg7 Rxg7 22. Qh4+ Nh6 23. Rf1 Qxa2 0-1

[Event "St-Jean CC-ch 2003-04"]
[Site "St-Jean-sur-Richelieu CAN"]
[Date "2004.01.03"]
[Round "2"]
[White "Royer, Christian"]
[Black "Paradis, Martin"]
[Result "1-0"]
[WhiteElo "1189"]
[BlackElo "1294"]
[PlyCount "83"]
[EventDate "2003.11.26"]
[EventType "swiss"]
[EventRounds "6"]
[EventCountry "CAN"]

1. d4 Nf6 2. Nf3 d6 3. e3 e6 4. Bd3 Be7 5. O-O O-O 6. c3 Re8 7. Nbd2 Nbd7 8. e4
Nf8 9. e5 Nd5 10. Ne4 b6 11. Re1 Bb7 12. Bd2 a5 13. a3 c6 14. c4 Nc7 15. Rc1
dxe5 16. Nxe5 f6 17. Nf3 c5 18. Qb3 Nd7 19. Be3 a4 20. Qc2 e5 21. dxe5 Nxe5 22.
Nxe5 fxe5 23. Rcd1 Ne6 24. Ng3 Nd4 25. Bxd4 exd4 26. Bxh7+ Kh8 27. Bg6 Bc8 28.
Bxe8 Qxe8 29. Nf5 Bxf5 30. Qxf5 Ra7 31. Re6 Rb7 32. Rde1 Rd7 33. Qe5 d3 34.
Rh6+ Kg8 35. Qe6+ Qf7 36. Rh8+ Kxh8 37. Qxf7 d2 38. Rd1 g6 39. Qe8+ Kg7 40.
Qxd7 Kf6 41. Rxd2 g5 42. Re2 1-0

[Event "St-Jean CC-ch 2003-04"]
[Site "St-Jean-sur-Richelieu CAN"]
[Date "2004.01.17"]
[Round "3"]
[White "Boileau, Samuel"]
[Black "Bellerose, Robert"]
[Result "1-0"]
[WhiteElo "1868"]
[BlackElo "1683"]
[PlyCount "67"]
[EventDate "2003.11.26"]
[EventType "swiss"]
[EventRounds "6"]
[EventCountry "CAN"]

1. g3 d5 2. Bg2 Nf6 3. f4 Nc6 4. d3 Bf5 5. Nf3 e6 6. Nbd2 Bc5 7. Nb3 Bb6 8. e3
a5 9. O-O a4 10. Nbd4 Nxd4 11. Nxd4 Bg4 12. Qe1 O-O 13. Bd2 h6 14. Kh1 Re8 15.
Nf3 Nd7 16. h3 Bf5 17. g4 Bh7 18. Qg3 f6 19. g5 fxg5 20. fxg5 hxg5 21. Nxg5 Nf6
22. Nxh7 Kxh7 23. Rf4 c6 24. Raf1 Rf8 25. Bc3 Bc7 26. Qh4+ Kg6 27. Bxf6 Rxf6
28. Rg4+ Kf7 29. Qh5+ Kg8 30. Bf3 Qf8 31. Rfg1 Qf7 32. Rxg7+ Qxg7 33. Rxg7+
Kxg7 34. Qg5+ 1-0

[Event "St-Jean CC-ch 2003-04"]
[Site "St-Jean-sur-Richelieu CAN"]
[Date "2004.01.17"]
[Round "3"]
[White "Boucher, Bruno"]
[Black "McAlpin, John-Francis"]
[Result "1-0"]
[WhiteElo "1479"]
[BlackElo "1855"]
[PlyCount "141"]
[EventDate "2003.11.26"]
[EventType "swiss"]
[EventRounds "6"]
[EventCountry "CAN"]

1. d4 Nf6 2. c4 c5 3. d5 e6 4. Nc3 exd5 5. cxd5 d6 6. e4 g6 7. Bg5 Bg7 8. Nf3
h6 9. Bh4 O-O 10. Bd3 Na6 11. Bxa6 bxa6 12. Nd2 Qe7 13. O-O g5 14. Bg3 Nd7 15.
f4 gxf4 16. Bxf4 Ne5 17. Bxe5 Bxe5 18. Qf3 Qg5 19. Nc4 Bg4 20. Qd3 Bd4+ 21. Kh1
Qg6 22. h3 Bd7 23. Rf3 Kh8 24. Rg3 Qf6 25. Rf1 Qe7 26. Qd2 Qh4 27. Qe1 Qh5 28.
Ne2 Be5 29. Nxe5 Qxe5 30. Qc3 Rae8 31. Rf6 Kh7 32. Rxd6 Bb5 33. Qxe5 Rxe5 34.
Nc3 f5 35. Nxb5 axb5 36. Rd7+ Kh8 37. Rgg7 Rf6 38. Rh7+ Kg8 39. Rdg7+ Kf8 40.
Rxa7 Kg8 41. Rhg7+ Kf8 42. Rh7 Kg8 43. Rag7+ Kf8 44. Rc7 Kg8 45. exf5 Rxd5 46.
Rhg7+ Kf8 47. Rgd7 Rxd7 48. Rxd7 Rxf5 49. Rb7 b4 50. b3 Rf2 51. Ra7 Rf7 52.
Rxf7+ Kxf7 53. g4 Kf6 54. Kg2 Ke5 55. Kf3 Kd4 56. h4 Kc3 57. g5 hxg5 58. hxg5
Kb2 59. g6 Kxa2 60. g7 Kxb3 61. g8=Q+ Kc3 62. Qg7+ Kb3 63. Qf7+ c4 64. Ke3 Kc3
65. Qf6+ Kc2 66. Qf5+ Kb2 67. Qf2+ Kb3 68. Kd2 Kb2 69. Kd1+ Kc3 70. Kc1 b3 71.
Qd2# 1-0

[Event "St-Jean CC-ch 2003-04"]
[Site "St-Jean-sur-Richelieu CAN"]
[Date "2004.01.17"]
[Round "3"]
[White "Deneault, Leo"]
[Black "Philipps, Sacha"]
[Result "0-1"]
[WhiteElo "1190"]
[BlackElo "1362"]
[PlyCount "85"]
[EventDate "2003.11.26"]
[EventType "swiss"]
[EventRounds "6"]
[EventCountry "CAN"]

1. d4 d5 2. b3 Bf5 3. e3 e6 4. Bd3 Bxd3 5. Qxd3 a6 6. Nf3 Nf6 7. O-O c5 8. c3
cxd4 9. cxd4 Bd6 10. Nc3 Nbd7 11. Na4 b5 12. Nc3 O-O 13. g3 Rc8 14. Bb2 Qb6 15.
a3 Rc6 16. Kg2 Rfc8 17. Rac1 Qb8 18. Nh4 R8c7 19. Kh3 Qc8 20. f3 Bxa3 21. Bxa3
Rxc3 22. Qd2 Rxc1 23. Rxc1 Rxc1 24. Bxc1 Qc7 25. Ba3 a5 26. Be7 Ne8 27. Qb2 h6
28. b4 a4 29. f4 Nb8 30. Bc5 Na6 31. Nf3 Nd6 32. Kg2 Nxc5 33. bxc5 Nc4 34. Qxb5
Qa5 35. Qe8+ Kh7 36. Qxf7 a3 37. Qxe6 Qa8 38. Qf5+ Kh8 39. Qb1 a2 40. Qa1 Nxe3+
41. Kf2 Nc2 42. Qc1 a1=Q 43. Qxc2 0-1